=LDR 00000nam 2200000 4500 =001 INLIS000000000009185 =005 20130612101013 =008 ***********************************Ind** =035 ##$$0010-061300000009185 =041 ##$$a Ind =082 ##$$a 005.369 =090 ##$$a 005.369, Sur-t =245 ##$$a Tip dan trik penggunaan lotus 1,2,3 release 2.30, Survivaliadi =260 ##$$a 1994 $b Yogyakarta =300 ##$$a viii, 196 hlm, Ilus, m =650 ##$$a Komputer-Program Lotus 1 =650 ##$$a 2 =650 ##$$a 3 =850 ##$$a NBPNMAT